Southville International School and Colleges
Your cart is empty.
  • Cart
  • Lists
    Public lists Eva Luna New books Lux_list list_1
    Your lists Log in to create your own lists
  • Log in to your account
  • Your cookies
  • Search history
Southville International School and Colleges
  • Advanced search
  • Recent comments
  • Most popular
  • Libraries

Log in to your account

Log in with GOOGLE


If you do not have an external account, but do have a local account, you can still log in:

  1. Home
  2. MARC view: Easy algebra step-by-step : master the concepts of algebra and become proficient... quickly!
Normal view MARC view ISBD view

Easy algebra step-by-step : master the concepts of algebra and become proficient... quickly! (Record no. 365412)

[ view plain ]
MARC details
000 -LEADER
fixed length control field 00690nam a22002057a 4500
003 - CONTROL NUMBER IDENTIFIER
control field 0
005 - DATE AND TIME OF LATEST TRANSACTION
control field 20230926124905.0
008 - FIXED-LENGTH DATA ELEMENTS--GENERAL INFORMATION
fixed length control field 230926b xxu||||| |||| 00| 0 eng d
020 ## - INTERNATIONAL STANDARD BOOK NUMBER
International Standard Book Number 978-1-264-87879-6
050 ## - LIBRARY OF CONGRESS CALL NUMBER
Classification number QA 157
Item number .M33 2023
100 ## - MAIN ENTRY--PERSONAL NAME
Personal name McCune, Sandra Luna
245 ## - TITLE STATEMENT
Title Easy algebra step-by-step : master the concepts of algebra and become proficient... quickly!
Statement of responsibility, etc Sandra Luna McCune
250 ## - EDITION STATEMENT
Edition statement Third edition
260 ## - PUBLICATION, DISTRIBUTION, ETC. (IMPRINT)
Place of publication, distribution, etc New York
Name of publisher, distributor, etc McGraw Hill
Date of publication, distribution, etc c2023.
300 ## - PHYSICAL DESCRIPTION
Extent ix, 289 pages ;
Dimensions 23 cm.
500 ## - GENERAL NOTE
General note Algebra--problems, exercises.
504 ## - BIBLIOGRAPHY, ETC. NOTE
Bibliography, etc Includes bibliographical references and index.<br/>
650 ## - SUBJECT ADDED ENTRY--TOPICAL TERM
Topical term or geographic name as entry element Algebra--problems, exercises.
942 ## - ADDED ENTRY ELEMENTS (KOHA)
Source of classification or shelving scheme Library of Congress Classification
Koha item type Books
Holdings
Withdrawn status Lost status Source of classification or shelving scheme Damaged status Home library Current library Shelving location Date acquired Source of acquisition Sub Shelving location Total Checkouts Full call number Barcode Date last seen Price effective from Koha item type
    Library of Congress Classification   College Library College Library Reserve Section 09/26/2023 Library Fund     QA 157 .M33 2023 C23031 09/26/2023 09/26/2023 Books

Easy algebra step-by-step : master the concepts of algebra and become proficient... quickly!

APA

McCune S. L., . (2023). Easy algebra step-by-step : master the concepts of algebra and become proficient... quickly!. New York: McGraw Hill.

Chicago

McCune Sandra Luna, . 2023. Easy algebra step-by-step : master the concepts of algebra and become proficient... quickly!. New York: McGraw Hill.

Harvard

McCune S. L., . (2023). Easy algebra step-by-step : master the concepts of algebra and become proficient... quickly!. New York: McGraw Hill.

MLA

McCune Sandra Luna, . Easy algebra step-by-step : master the concepts of algebra and become proficient... quickly!. New York: McGraw Hill. 2023.

  • Place hold
  • Print
  • Cite
  • Add to your cart (remove)
  • Save record
    BIBTEX Dublin Core MARCXML MARC (non-Unicode/MARC-8) MARC (Unicode/UTF-8) MARC (Unicode/UTF-8, Standard) MODS (XML) RIS
  • More searches
    Search for this title in:
    Other Libraries (WorldCat) Other Databases (Google Scholar) Online Stores (Bookfinder.com) Open Library (openlibrary.org)

Exporting to Dublin Core...

SOUTHVILLE LIBRARY

Southville International School and Colleges Library

1281 Tropical Ave. Cor. Luxembourg St., BF Homes International, Las Pinas City

Tel. No. 8256374 / 252358 Loc. 117/146

Powered by Koha